The international teacher development program. (Record no. 34630)

MARC details
000 -LEADER
fixed length control field 00634cam a22002291 4500
001 - CONTROL NUMBER
control field hew66000101
003 - CONTROL NUMBER IDENTIFIER
control field DLC
005 - DATE AND TIME OF LATEST TRANSACTION
control field 20260227111515.0
008 - FIXED-LENGTH DATA ELEMENTS--GENERAL INFORMATION
fixed length control field 770223s1966 dcua 000 0 eng
010 ## - LIBRARY OF CONGRESS CONTROL NUMBER
LC control number hew66000101
035 ## - SYSTEM CONTROL NUMBER
System control number (OCoLC)2757076
040 ## - CATALOGING SOURCE
Original cataloging agency DLC
Transcribing agency DNIE
Modifying agency DLC
042 ## - AUTHENTICATION CODE
Authentication code premarc
043 ## - GEOGRAPHIC AREA CODE
Geographic area code n-us---
050 00 - LIBRARY OF CONGRESS CALL NUMBER
Classification number LB2285.U6
Item number A55
110 1# - MAIN ENTRY--CORPORATE NAME
Corporate name or jurisdiction name as entry element United States.
Subordinate unit Office of Education.
245 14 - TITLE STATEMENT
Title The international teacher development program.
260 ## - PUBLICATION, DISTRIBUTION, ETC.
Place of publication, distribution, etc. [Washington,
Date of publication, distribution, etc. 1966]
300 ## - PHYSICAL DESCRIPTION
Extent iii, 19 p.
Other physical details illus.
Dimensions 20 x 26 cm.
500 ## - GENERAL NOTE
General note "OE-14118."
650 #0 - SUBJECT ADDED ENTRY--TOPICAL TERM
Topical term or geographic name entry element Teacher exchange programs
Geographic subdivision United States.

No items available.

Powered by Koha